Corporate real estate handbook /

Bibliographic Details
Other Authors: Silverman, Robert A., 1947-
Format: Book
Language:English
Published: New York : McGraw-Hill, [1987]
Subjects:

MARC

Tag First Indicator Second Indicator Subfields
LEADER 00000cam a2200000 a 4500
001 in00000010036
005 20151006060020.0
008 860625s1987 nyua b 00100 eng
010 |a  86015337  
020 |a 0070459002 :  |c $24.95 
035 |a (OCoLC)13859065 
035 |9 AAA2226AM 
040 |a DLC  |c DLC  |d m/c  |d TXA  |d UtOrBLW 
049 |a TXAM  |c [A12630185] 
050 0 0 |a HD1393.25  |b .C67 1987 
082 0 |a 658.2  |2 19 
245 0 0 |a Corporate real estate handbook /  |c Robert A. Silverman, editor- in-chief. 
264 1 |a New York :  |b McGraw-Hill,  |c [1987] 
264 4 |c ©1987 
300 |a xii, 202 pages :  |b illustrations ;  |c 24 cm. 
336 |a text  |b txt  |2 rdacontent 
337 |a unmediated  |b n  |2 rdamedia 
338 |a volume  |b nc  |2 rdacarrier 
500 |a "Strategies for improving bottom-line performance"--Jacket. 
504 |a Includes bibliographical references and index. 
650 0 |a Commercial buildings. 
650 0 |a Industrial buildings. 
650 0 |a Office buildings. 
650 0 |a Real estate business. 
700 1 |a Silverman, Robert A.,  |d 1947- 
999 |a MARS 
999 f f |s 4fb95396-64d0-3706-8458-e1a6e054ebfe  |i 6dc30a80-9303-312e-a0f2-ab28c9e40932  |t 0 
952 f f |p ric  |a Texas A&M University  |b Rellis Campus  |c Joint Library Facility  |d Remote Storage  |t 0  |e HD1393.25 .C67 1987  |h Library of Congress classification  |i unmediated -- volume  |m A14812630185 
998 f f |a HD1393.25 .C67 1987  |t 0  |l Remote Storage